Central Library OPAC University of Rajshahi

Ganguly's Civil court practice & procedure / (Record no. 22157)

MARC details
000 -LEADER
fixed length control field 00783cam a2200277 4500
001 - CONTROL NUMBER
control field 22157
003 - CONTROL NUMBER IDENTIFIER
rucl marc code BD-RjUL
005 - DATE AND TIME OF LATEST TRANSACTION
control field 20211209000756.0
008 - FIXED-LENGTH DATA ELEMENTS--GENERAL INFORMATION
fixed length control field 140306t1981 ii k 001 0 eng
035 ## - SYSTEM CONTROL NUMBER
System control number (BD-RjUL)22222
040 ## - CATALOGING SOURCE
Original cataloging agency DLC
Transcribing agency DLC
Modifying agency DLC
-- BD-RjUL
Language of cataloging eng
041 ## - LANGUAGE CODE
Language code of text/sound track or separate title eng
082 00 - DEWEY DECIMAL CLASSIFICATION NUMBER
Classification number 347.5405
Author mark and year MAG 1981
100 1# - MAIN ENTRY--PERSONAL NAME
Personal name Mallick, M.R.
9 (RLIN) 68389
245 00 - TITLE STATEMENT
Title Ganguly's Civil court practice & procedure /
Statement of responsibility, etc. M.R. Mallick.
250 ## - EDITION STATEMENT
Edition statement 10th ed.
260 ## - PUBLICATION, DISTRIBUTION, ETC. (IMPRINT)
Place of publication, distribution, etc. Calcutta :
Name of publisher, distributor, etc. Eastern Law House,
Date of publication, distribution, etc. 1981.
300 ## - PHYSICAL DESCRIPTION
Pagination 1261 p. ;
Size 25 cm.
500 ## - GENERAL NOTE
General note Includes legislation.
504 ## - BIBLIOGRAPHY, ETC. NOTE
Bibliography, etc includes index.
650 #0 - SUBJECT ADDED ENTRY--TOPICAL TERM
Topical term or geographic name as entry element Civil procedure
Geographic subdivision India.
9 (RLIN) 14779
942 ## - ADDED ENTRY ELEMENTS (KOHA)
Source of classification or shelving scheme Dewey Decimal Classification
Koha item type Books
Holdings
Lost status Source of classification or shelving scheme Damaged status Not for loan Collection code Permanent Location Current Location Shelving location Date acquired Source of acquisition Cost, normal purchase price Total Checkouts Full call number Date last seen Copy number Koha item type
  Dewey Decimal Classification     Non-fiction Central Library, University of Rajshahi Central Library, University of Rajshahi   22/06/1986 karim Int. 170.00   347.5405 MAG 1981 06/03/2014 C-4 Books